000 00459nam a22001697a 4500
003 MACL
005 20160730120553.0
008 160730b xxu||||| |||| 00| 0 eng d
040 _cMACL
041 _aEnglish
082 _a720 TRI
100 _aTripathi, Preeti
_965737
245 _aArt And Architecture Of India
_bAncient To Modern
_cPreeti Tripathi
260 _aNew Delhi
_bNavyug Publishers
_c2010
650 _aArchitecture
_9259
942 _2ddc
_cBK
999 _c55303
_d55303